Beliebteste Mädchennamen - Statistiken

Allgemein
  • Dieses Quiz wurde 620 mal gespielt
  • Das Durchschnittsergebnis liegt bei 4 aus 10
Antwortstatistiken
Platz Name % Korrekt
10 Marie
63%
5 Hannah / Hanna
59%
4 Mia
57%
3 Emma
56%
2 Sophia / Sofia
54%
1 Emilia
41%
6 Lina
39%
9 Klara / Clara
25%
8 Ella
24%
7 Mila
18%
Keine übereinstimmenden Quizze gefunden
Verteilung der Resultate
Anzahl Personen mit jedem Resultat
Perzentil nach korrekt beantworteten Fragen
Ihre Resultats-Entwicklung
Sie haben dieses Quiz noch nicht gespielt